Normal view
MARC view
- تحرير ملكاوي، فتحي حسن
Entry Personal Name
001 - CONTROL NUMBER
- control field: 52297
003 - CONTROL NUMBER IDENTIFIER
- control field: JO-AjAnu
005 - DATE AND TIME OF LATEST TRANSACTION
- control field: 20230606082610.0
008 - FIXED-LENGTH DATA ELEMENTS
- fixed length control field: 230606|| aca||aabn | a|a d
040 ## - CATALOGING SOURCE
- Original cataloging agency: JO-AjAnu
- Transcribing agency: JO-AjAnu
100 ## - HEADING--PERSONAL NAME
- Personal name: تحرير ملكاوي، فتحي حسن
670 ## - SOURCE DATA FOUND
- Source citation: Work cat.: (JO-AjAnu)26726: تحرير ملكاوي، فتحي حسن, author, بحوث المؤتمر التربوي الجزء الثاني: مؤتمر نحو بناء نظرية تربوية إسامية معاصرة؛ عمان/ المملكة الأردنية الهاشمية 2-5محرم 1411هـ 24-27تموز(يوليو) 1990م